College Inorganic Chemistry 10th ed. (T.Y.B.Sc.) (Record no. 814220)

MARC details
000 -LEADER
fixed length control field 00540nam a2200193Ia 4500
008 - FIXED-LENGTH DATA ELEMENTS--GENERAL INFORMATION
fixed length control field 101110s9999 xx 000 0 und d
041 ## - LANGUAGE CODE
Language code of text/sound track or separate title ENGLISH
082 ## - DEWEY DECIMAL CLASSIFICATION NUMBER
Item number SR21320
100 ## - MAIN ENTRY--PERSONAL NAME
Personal name Joseph, Shetty, Laxmidevi
245 ## - TITLE STATEMENT
Title College Inorganic Chemistry 10th ed. (T.Y.B.Sc.)
365 ## - TRADE PRICE
Price amount 55
520 ## - SUMMARY, ETC.
Summary, etc Chemistry
546 ## - LANGUAGE NOTE
Language note ENGLISH
630 ## - SUBJECT ADDED ENTRY--UNIFORM TITLE
Uniform title College Inorganic Chemistry 10th ed. (T.Y.B.Sc.)
650 ## - SUBJECT ADDED ENTRY--TOPICAL TERM
Topical term or geographic name as entry element Chemistry
655 ## - INDEX TERM--GENRE/FORM
Genre/form data or focus term Chemistry
730 ## - ADDED ENTRY--UNIFORM TITLE
Uniform title College Inorganic Chemistry 10th ed. (T.Y.B.Sc.)
942 ## - ADDED ENTRY ELEMENTS (KOHA)
Koha item type Book
Holdings
Withdrawn status Lost status Damaged status Not for loan Home library Current library Date acquired Cost, normal purchase price Total Checkouts Barcode Date last seen Price effective from Koha item type
        D. B. J. College, Chiplun D. B. J. College, Chiplun 11/11/2010 55.00   DBJSR21320 11/11/2010 11/11/2010 Book